Mathematical analysis (Record no. 355)

MARC details
000 -LEADER
fixed length control field 00559 a2200229 4500
001 - CONTROL NUMBER
control field 066175
003 - CONTROL NUMBER IDENTIFIER
control field OSt
005 - DATE AND TIME OF LATEST TRANSACTION
control field 20221215130931.0
008 - FIXED-LENGTH DATA ELEMENTS--GENERAL INFORMATION
fixed length control field
020 ## - INTERNATIONAL STANDARD BOOK NUMBER
International Standard Book Number 9788185015668
040 ## - CATALOGING SOURCE
Transcribing agency CURAJ
082 ## - DEWEY DECIMAL CLASSIFICATION NUMBER
Classification number 515
Item number A46M
100 1# - MAIN ENTRY--PERSONAL NAME
Personal name Apostol, Tom M.
245 1# - TITLE STATEMENT
Title Mathematical analysis
Statement of responsibility, etc by Tom M. Apostol
250 ## - EDITION STATEMENT
Edition statement 2nd ed.
260 ## - PUBLICATION, DISTRIBUTION, ETC. (IMPRINT)
Place of publication, distribution, etc New Delhi
Name of publisher, distributor, etc Narosa Publication
Date of publication, distribution, etc 2002, 1985
300 ## - PHYSICAL DESCRIPTION
Extent xix, 500p.
653 ## - INDEX TERM--UNCONTROLLED
Uncontrolled term Mathematics
653 ## - INDEX TERM--UNCONTROLLED
Uncontrolled term Mathematical analysis
653 ## - INDEX TERM--UNCONTROLLED
Uncontrolled term Calculus
942 ## - ADDED ENTRY ELEMENTS (KOHA)
Source of classification or shelving scheme Dewey Decimal Classification
Koha item type Books
Holdings
Withdrawn status Lost status Source of classification or shelving scheme Damaged status Not for loan Collection code Home library Current library Date acquired Source of acquisition Cost, normal purchase price Total Checkouts Full call number Barcode Date last seen Date checked out Price effective from Koha item type Checked out
    Dewey Decimal Classification     General Text Book Central University Of Rajasthan Central University Of Rajasthan 07/03/2012 MTH 265.00 24 515 A46M 461 08/01/2026 19/12/2025 02/09/2020 Books  
            Central University Of Rajasthan Central University Of Rajasthan 21/07/2016       515 A46M 27649 02/09/2020   02/09/2020 Books 01/01/2018
    Dewey Decimal Classification     General Text Book Central University Of Rajasthan Central University Of Rajasthan 28/03/2022 MTH(P)   1 515 A46M 38430 30/03/2026 23/06/2022 28/03/2022 Books